[Event "34. ABC-Turnier 2014 - Gruppe B"]
[Site "Dortmund"]
[Date "2014.10.23"]
[Round "3.3"]
[White "Rzoczek, Christoph"]
[Black "Schultz, Bernfried"]
[Result "1-0"]
[WhiteElo "1600"]
[BlackElo "1800"]
[PlyCount "92"]
[EventDate "2014.??.??"]

1. d4 Nf6 2. Nf3 e6 3. Nbd2 d5 4. e3 c5 5. c3 Nc6 6. Bb5 Bd7 7. Bxc6 Bxc6 8.
O-O Be7 9. a4 O-O 10. Ne5 Be8 11. Ng4 Nd7 12. f4 f6 13. Qf3 Bf7 14. Qh3 Qc7 15.
Nf3 Bd6 16. Bd2 Rae8 17. Be1 e5 18. dxe5 fxe5 19. Ng5 Bg6 20. f5 Rxf5 21. Rxf5
Bxf5 22. Bg3 Bg6 23. Rf1 Qd8 24. Bh4 Qb6 25. Qf3 e4 26. Qe2 Bh5 27. Nh6+ gxh6
28. Qxh5 Re7 29. Nf7 Re6 30. Qg4+ Rg6 31. Qxd7 Re6 32. Qc8+ Kg7 33. Qh8+ Kg6
34. Qg8+ Kh5 35. Nxd6 (35. Rf5+ Kxh4 36. g3+ {nebst Matt im naechsten Zug!})
35... Qxd6 36. Bg3 (36. Rf5+ Kxh4 37. g3+ Kh3 38. Rh5#) 36... Rg6 37. Rf5+ Kg4
38. Qf7 Qe6 39. Rf4+ (39. h3+ Kxg3 40. Rg5+ $1) 39... Kg5 40. Qxh7 (40. Bh4+ $1
Kh5 41. Bd8 $1 Qh3 42. Qf5+ $1 Rg5 (42... Qxf5 43. Rh4#) 43. Qxh3+ Kg6 44. Qe6+
Kh5 45. g4+ Kh4 46. Qxh6#) 40... d4 41. cxd4 cxd4 42. Qxb7 Rg8 43. Rxe4 Qc4 44.
Qe7+ Kf5 45. Rf4+ Kg6 46. Qe4+ (46. Rg4+ Kf5 47. e4+ Kxg4 48. Qh4#) 46... Kg7
1-0

[Event "34. ABC-Turnier 2014 - Gruppe B"]
[Site "Dortmund"]
[Date "2014.10.23"]
[Round "3.4"]
[White "Schlepütz, Volker"]
[Black "Stein, Daniel"]
[Result "1-0"]
[WhiteElo "1570"]
[BlackElo "1639"]
[PlyCount "59"]
[EventDate "2014.??.??"]

1. d4 e6 2. c4 Nf6 3. Nc3 Bb4 4. e3 b6 5. a3 Bxc3+ 6. bxc3 Bb7 7. Nf3 Ne4 8.
Qc2 f5 9. Be2 O-O 10. O-O d6 11. Bd2 c5 12. Qb3 Nc6 13. Rfd1 Na5 14. Qa2 Ba6
15. Be1 Qd7 16. a4 Rac8 17. d5 e5 18. Rac1 Rf6 19. Nd2 Nxd2 20. Rxd2 Rg6 21. f3
f4 22. exf4 Qh3 23. Bd3 Qxf3 24. Bxg6 Qe3+ 25. Bf2 Qxf4 26. Bd3 Bxc4 27. Bxc4
Nxc4 28. Rdd1 Rf8 29. Qe2 a6 30. Bg3 1-0

[Event "34. ABC-Turnier 2014 - Gruppe B"]
[Site "Dortmund"]
[Date "2014.10.23"]
[Round "3.5"]
[White "Reschop, Romano"]
[Black "Schulz-Runge, Michael"]
[Result "0-1"]
[WhiteElo "1701"]
[BlackElo "1707"]
[PlyCount "57"]
[EventDate "2014.??.??"]

1. e4 e5 2. f4 d6 3. Nf3 Nc6 4. Bb5 Bd7 5. O-O Nge7 6. Nc3 Ng6 7. f5 Nge7 8. d3
a6 9. Bc4 h6 10. Nh4 d5 11. Bxd5 Nxd5 12. Nxd5 Bc5+ 13. Kh1 Be7 14. f6 Bxf6 15.
Nf5 Bxf5 16. Rxf5 Nd4 17. Nxf6+ gxf6 18. Rf2 Qe7 19. Qg4 f5 20. exf5 Qf6 21.
Qe4 O-O-O 22. c3 Nc6 23. b4 Qd6 24. Rf3 f6 25. a4 Qd5 26. Ba3 Qb3 27. d4 Qc4
28. Qd3 Qd5 29. Rf4 $4 {
und Weiss gab auf, ohne das offensichtliche 29...exf4 abzuwarten.} 0-1

[Event "34. ABC-Turnier 2014 - Gruppe B"]
[Site "Dortmund"]
[Date "2014.10.30"]
[Round "4.1"]
[White "Rahner, Norbert"]
[Black "Schulz-Runge, Michael"]
[Result "1-0"]
[WhiteElo "1667"]
[BlackElo "1707"]
[PlyCount "73"]
[EventDate "2014.??.??"]

1. d4 Nf6 2. Nf3 d5 3. Bf4 e6 4. Nbd2 h6 5. e3 Nbd7 6. h3 c5 7. Be2 Be7 8. O-O
O-O 9. c4 cxd4 10. exd4 dxc4 11. Nxc4 Nd5 12. Bg3 N7f6 13. Rc1 Ne4 14. Bh2 b5
15. Nce5 Bd6 16. Bxb5 Qb6 17. Bd3 Ndf6 18. Qe2 Bb7 19. Bf4 Bxe5 20. Bxe5 Rac8
21. Nd2 Nxd2 22. Qxd2 Ne4 23. Qe2 f5 24. f3 Nd6 25. Qf2 Nf7 26. b3 Rfd8 27. Bc4
Qa5 28. Bxe6 Rxc1 29. Rxc1 Rf8 30. Rc7 Ba6 31. h4 Bd3 32. Qg3 g5 33. hxg5 f4
34. Qxf4 Qe1+ 35. Kh2 Bg6 36. Qf6 Qh4+ 37. Bh3 1-0

[Event "34. ABC-Turnier 2014 - Gruppe B"]
[Site "Dortmund"]
[Date "2014.10.30"]
[Round "4.3"]
[White "Schultz, Bernfried"]
[Black "Schlepütz, Volker"]
[Result "1-0"]
[WhiteElo "1800"]
[BlackElo "1570"]
[PlyCount "89"]
[EventDate "2014.??.??"]

1. e4 e6 2. d4 d5 3. Nc3 Bb4 4. e5 c5 5. a3 Bxc3+ 6. bxc3 Ne7 7. Qg4 Nf5 8. Bd3
g6 9. h4 Qa5 10. Bd2 c4 11. Bxf5 exf5 12. Qf3 Be6 13. Nh3 Nc6 14. O-O Nxd4 15.
cxd4 Qxd2 16. c3 Qh6 17. g3 O-O 18. Nf4 Rfd8 19. Rfb1 b6 20. Rb5 Rab8 21. Rab1
Bc8 22. Rxd5 Rxd5 23. Qxd5 Bb7 24. Qxc4 g5 25. Qc7 Qf8 26. hxg5 Be4 27. Ra1 Rc8
28. Qxa7 Rxc3 29. Qxb6 Qc8 30. Ne2 Rc2 31. Qb5 Bc6 32. Qd3 Be4 33. Qd1 Qa6 34.
Nf4 Qc6 35. a4 Bf3 36. Qe1 h6 37. g6 fxg6 38. e6 g5 39. e7 Kf7 40. d5 Qd7 41.
Nd3 Ke8 42. Rb1 Be4 43. Rb8+ Kxe7 44. Qb4+ Kf6 45. Rb6+ 1-0

[Event "34. ABC-Turnier 2014 - Gruppe B"]
[Site "Dortmund"]
[Date "2014.10.30"]
[Round "4.4"]
[White "Ropers, Klaus"]
[Black "Rzoczek, Christoph"]
[Result "1/2-1/2"]
[WhiteElo "1705"]
[BlackElo "1600"]
[PlyCount "114"]
[EventDate "2014.??.??"]

1. d4 Nf6 2. c4 c6 3. g3 d5 4. b3 e6 5. Bg2 Qa5+ 6. Bd2 Bb4 7. Nf3 Ne4 8. O-O
Nxd2 9. Nbxd2 Nd7 10. e4 Nf6 11. a3 Be7 12. e5 Ng4 13. Qc2 Bd7 14. h3 Nh6 15.
b4 Qd8 16. Nb3 Rc8 17. Rac1 O-O 18. Qd2 Be8 19. Rfe1 Rc7 20. Kh2 Kh8 21. Ng1 f5
22. Nc5 Bd7 23. f4 Bc8 24. Nf3 Rg8 25. Nd3 Nf7 26. Qf2 g5 27. fxg5 Nxg5 28.
Nxg5 Bxg5 29. Nf4 Rcg7 30. Rg1 Qe8 31. cxd5 exd5 32. Rce1 Be6 33. Bf3 Bxf4 34.
gxf4 Rxg1 35. Rxg1 Rxg1 36. Qxg1 Qg6 37. Qg3 Kg7 38. Qh4 Qh6 39. Qe7+ Bf7 40.
Kg3 Qg6+ 41. Qg5 Qxg5+ 42. fxg5 Be6 43. h4 h6 44. Kf4 b6 45. h5 a5 46. g6 Kf8
47. bxa5 bxa5 48. Be2 Ke7 49. Bd3 Bc8 50. Bxf5 Ba6 51. Bg4 Bd3 52. Bf3 Ke6 53.
Bd1 Bc4 54. Ba4 Bb5 55. Bxb5 cxb5 56. Ke3 Ke7 57. Kd3 Ke6 1/2-1/2

[Event "34. ABC-Turnier 2014 - Gruppe B"]
[Site "Dortmund"]
[Date "2014.10.30"]
[Round "4.5"]
[White "Rauschenbusch, Udo"]
[Black "König, Daniela"]
[Result "1/2-1/2"]
[WhiteElo "1648"]
[BlackElo "1691"]
[PlyCount "34"]
[EventDate "2014.??.??"]

1. c4 e5 2. Nc3 Nf6 3. g3 d5 4. cxd5 Nxd5 5. Bg2 Nxc3 6. bxc3 c6 7. d3 Be6 8.
Nf3 Nd7 9. O-O Be7 10. a4 O-O 11. Rb1 Qc7 12. c4 Rab8 13. Ng5 Bf5 14. Ne4 Nc5
15. Nxc5 Bxc5 16. Bb2 f6 17. Kh1 Qd7 1/2-1/2

[Event "34. ABC-Turnier 2014 - Gruppe B"]
[Site "Dortmund"]
[Date "2014.12.11"]
[Round "5.1"]
[White "König, Daniela"]
[Black "Rahner, Norbert"]
[Result "1-0"]
[WhiteElo "1691"]
[BlackElo "1667"]
[PlyCount "85"]
[EventDate "2014.??.??"]

1. e4 e6 2. d4 d5 3. exd5 exd5 4. Nf3 Be7 5. Bd3 Nf6 6. h3 O-O 7. O-O h6 8. Bf4
Nbd7 9. Re1 Re8 10. a3 c5 11. dxc5 Nxc5 12. Bb5 Bd7 13. Bxd7 Ncxd7 14. Nc3 Qb6
15. Nxd5 Nxd5 16. Qxd5 Nf6 17. Qb3 Qxb3 18. cxb3 Nd5 19. Bg3 Bf6 20. Be5 Rac8
21. Bxf6 Rxe1+ 22. Rxe1 Nxf6 23. Re7 Rc2 24. Ne5 Rxb2 25. Rxb7 Ne4 26. f3 Nd6
27. Rb8+ Kh7 28. Nc6 a6 29. Rb6 Nf5 30. b4 Ne3 31. Rxa6 Nxg2 32. b5 Nf4 33. Nb4
Ne2+ 34. Kf1 Ng3+ 35. Ke1 Re2+ 36. Kd1 Re7 37. b6 Nf5 38. Ra7 Re6 39. b7 Ne3+
40. Kc1 Rb6 41. Na6 Rc6+ 42. Kd2 Nc4+ 43. Ke2 1-0

[Event "34. ABC-Turnier 2014 - Gruppe B"]
[Site "Dortmund"]
[Date "2014.11.06"]
[Round "5.2"]
[White "Rzoczek, Christoph"]
[Black "Rauschenbusch, Udo"]
[Result "1-0"]
[WhiteElo "1600"]
[BlackElo "1648"]
[PlyCount "61"]
[EventDate "2014.??.??"]

1. c4 e5 2. Nc3 Nf6 3. d3 d5 4. cxd5 Nxd5 5. Nf3 Nc6 6. g3 Be7 7. Bg2 Be6 8.
O-O Qd7 9. Bg5 f6 10. Bd2 O-O 11. a3 Rad8 12. Qc2 a6 13. Rad1 b5 14. Ne4 Nd4
15. Nxd4 exd4 16. Rc1 Bh3 17. Qb3 Bxg2 18. Kxg2 Kh8 19. Ba5 f5 20. Nd2 Rc8 21.
Nf3 c5 22. Bd2 Qe6 23. Qd1 f4 24. b4 fxg3 25. hxg3 Nf4+ 26. Bxf4 Rxf4 27. Rh1
Rf6 28. Rxh7+ Kg8 29. Qh1 Qxe2 30. Rh8+ Kf7 31. Qh5+ 1-0

[Event "34. ABC-Turnier 2014 - Gruppe B"]
[Site "Dortmund"]
[Date "2014.12.11"]
[Round "5.3"]
[White "Schlepütz, Volker"]
[Black "Ropers, Klaus"]
[Result "0-1"]
[WhiteElo "1570"]
[BlackElo "1705"]
[PlyCount "77"]
[EventDate "2014.??.??"]

1. d4 f5 2. g3 Nf6 3. Bg2 c6 4. Nf3 e6 5. c4 d5 6. Qc2 Bd6 7. O-O O-O 8. Bd2
Nbd7 9. c5 Bc7 10. b4 Ne4 11. Nc3 Ndf6 12. Rfb1 Bd7 13. a4 Qe8 14. b5 Ng4 15.
bxc6 Bxc6 16. Nb5 Bb8 17. Be1 a6 18. Nc3 e5 19. h3 Ngf6 20. e3 Nxc3 21. Bxc3 e4
22. Ne5 Bxe5 23. dxe5 Nd7 24. Qb2 Nxc5 25. a5 Nd3 26. Qb6 Qg6 27. Bf1 f4 28.
exf4 Nxf4 29. Kh2 Nh5 30. Qd4 Rf3 31. Be1 Nxg3 32. fxg3 Rxf1 33. Ra2 Raf8 34.
Rab2 R8f3 35. g4 Rd3 36. Qb6 h5 37. Qd8+ Rf8 38. Qh4 Rff3 39. Bg3 {
und Weiss gab auf, offensichtlich ohne das naheliegende 39...Txg3 abzuwarten.}
0-1

[Event "34. ABC-Turnier 2014 - Gruppe B"]
[Site "Dortmund"]
[Date "2014.11.13"]
[Round "5.4"]
[White "Reschop, Romano"]
[Black "Schultz, Bernfried"]
[Result "1/2-1/2"]
[WhiteElo "1701"]
[BlackElo "1800"]
[PlyCount "80"]
[EventDate "2014.??.??"]

1. e4 e5 2. f4 exf4 3. Nf3 d6 4. d4 Bg4 5. Bxf4 Nc6 6. Bc4 Qf6 7. Be3 Bxf3 8.
Qxf3 Qxf3 9. gxf3 Nb4 10. Bb3 f6 11. Nc3 Na6 12. Be6 c6 13. O-O-O Nc7 14. Bg4
h5 15. Bh3 Ne7 16. Rde1 g5 17. e5 dxe5 18. Ne4 Ned5 19. dxe5 fxe5 20. Bxg5 Kf7
21. Rhg1 Nf4 22. Bxf4 exf4 23. Ng5+ Kf6 24. Re4 Bd6 25. Ne6 Rae8 26. Rge1 Nd5
27. Nd4 Rxe4 28. Rxe4 Nc7 29. Ne2 Re8 30. Rxe8 Nxe8 31. Bc8 Kg5 32. Bxb7 c5 33.
Kd2 Be5 34. b3 Nd6 35. Bc6 Nf5 36. Ke1 Ne3 37. c3 Kh4 38. Be8 Ng2+ 39. Kf2 Ne3
40. Ke1 Ng2+ 1/2-1/2

[Event "34. ABC-Turnier 2014 - Gruppe B"]
[Site "Dortmund"]
[Date "2014.11.20"]
[Round "6.1"]
[White "Rahner, Norbert"]
[Black "Stein, Daniel"]
[Result "1-0"]
[WhiteElo "1667"]
[BlackElo "1639"]
[PlyCount "59"]
[EventDate "2014.??.??"]

1. d4 e6 2. Nf3 Nf6 3. Bg5 h6 4. Bh4 c5 5. e3 Qb6 6. Bd3 Qxb2 7. Nbd2 Be7 8.
O-O Qb6 9. Nc4 Qc7 10. Bg3 d6 11. dxc5 Qxc5 12. Rb1 Kf8 13. e4 b5 14. Nxd6 Bxd6
15. Rxb5 Qc7 16. Bxd6+ Qxd6 17. e5 Qd7 18. exf6 gxf6 19. Qb1 Nc6 20. Be4 Ba6
21. Rd1 Qxd1+ 22. Qxd1 Bxb5 23. Qd6+ Kg7 24. Bxc6 Bxc6 25. Qxc6 Rac8 26. Qa4
Rhd8 27. g3 Rd1+ 28. Kg2 Rc1 29. Nd4 e5 30. Nf5+ 1-0

[Event "34. ABC-Turnier 2014 - Gruppe B"]
[Site "Dortmund"]
[Date "2014.12.17"]
[Round "6.2"]
[White "Schultz, Bernfried"]
[Black "Schulz-Runge, Michael"]
[Result "1/2-1/2"]
[WhiteElo "1800"]
[BlackElo "1707"]
[PlyCount "42"]
[EventDate "2014.??.??"]

1. e4 e6 2. d4 d5 3. Nc3 Bb4 4. Bd3 c5 5. exd5 Qxd5 6. Bd2 Bxc3 7. Bxc3 cxd4 8.
Bxd4 e5 9. Be3 Nf6 10. f3 Nc6 11. Ne2 Be6 12. O-O O-O 13. Nc3 Qd7 14. a3 Rfd8
15. Bg5 h6 16. Bh4 Bf5 17. Ne4 Nxe4 18. fxe4 Bg4 19. Qc1 Qd4+ 20. Kh1 Rd7 21.
Bf2 Qd6 {(=)} 1/2-1/2

[Event "34. ABC-Turnier 2014 - Gruppe B"]
[Site "Dortmund"]
[Date "2014.11.20"]
[Round "6.3"]
[White "Ropers, Klaus"]
[Black "Reschop, Romano"]
[Result "1-0"]
[WhiteElo "1705"]
[BlackElo "1701"]
[PlyCount "31"]
[EventDate "2014.??.??"]

1. d4 Nf6 2. c4 e6 3. g3 c5 4. d5 exd5 5. cxd5 d6 6. Bg2 g6 7. Nc3 Bg7 8. Nf3
O-O 9. O-O a6 10. a4 Bg4 11. Nd2 Re8 12. Re1 Qc7 13. Qb3 b6 14. Nc4 Nbd7 15. h3
Bf5 16. e4 1-0

[Event "34. ABC-Turnier 2014 - Gruppe B"]
[Site "Dortmund"]
[Date "2014.11.20"]
[Round "6.4"]
[White "Rauschenbusch, Udo"]
[Black "Schlepütz, Volker"]
[Result "1-0"]
[WhiteElo "1648"]
[BlackElo "1570"]
[PlyCount "55"]
[EventDate "2014.??.??"]

1. f4 d5 2. Nf3 Nf6 3. e3 Bg4 4. Be2 Nc6 5. b3 e6 6. Bb2 Bd6 7. O-O Qe7 8. c4
O-O-O 9. d4 dxc4 10. bxc4 Bb4 11. a3 Ba5 12. Qb3 Ne4 13. Rd1 h5 14. Nc3 Nxc3
15. Bxc3 Bxc3 16. Qxc3 f6 17. Rab1 Bf5 18. Rb5 Be4 19. Qb2 b6 20. Nd2 a6 21.
Rb3 Bh7 22. Bf3 Na5 23. Rc3 g5 24. fxg5 fxg5 25. c5 bxc5 26. Rxc5 g4 27. Be2
Nb7 28. Bxa6 1-0

[Event "34. ABC-Turnier 2014 - Gruppe B"]
[Site "Dortmund"]
[Date "2014.11.20"]
[Round "6.5"]
[White "König, Daniela"]
[Black "Rzoczek, Christoph"]
[Result "1/2-1/2"]
[WhiteElo "1691"]
[BlackElo "1600"]
[PlyCount "75"]
[EventDate "2014.??.??"]

1. e4 d5 2. exd5 Qxd5 3. Nc3 Qd6 4. Nf3 Nf6 5. Bc4 c6 6. d3 Bg4 7. h3 Bh5 8. g4
Bg6 9. Qe2 Nbd7 10. Bg5 h5 11. Nh4 hxg4 12. hxg4 Qe5 13. Be3 Nb6 14. O-O-O Bh7
15. Nf3 Qc7 16. Bxb6 axb6 17. Ng5 Qf4+ 18. Qd2 Qxd2+ 19. Kxd2 e6 20. Nxh7 Rxh7
21. Rxh7 Nxh7 22. Rh1 Nf6 23. g5 Nd5 24. Re1 Be7 25. g6 Nxc3 26. gxf7+ Kxf7 27.
bxc3 Bg5+ 28. Kd1 Re8 29. Rg1 Bf6 30. Kd2 b5 31. Bb3 Rh8 32. Re1 Re8 33. Re4
Bg5+ 34. Kd1 Kf6 35. c4 b4 36. c5 e5 37. Rxb4 Re7 38. a4 1/2-1/2

[Event "34. ABC-Turnier 2014 - Gruppe B"]
[Site "Dortmund"]
[Date "2014.11.27"]
[Round "7.1"]
[White "Rzoczek, Christoph"]
[Black "Rahner, Norbert"]
[Result "1/2-1/2"]
[WhiteElo "1600"]
[BlackElo "1667"]
[PlyCount "152"]
[EventDate "2014.??.??"]

1. e4 e5 2. Nf3 d6 3. d4 exd4 4. Nxd4 Be7 5. Nf5 Bf6 6. Bc4 g6 7. Nh6 Nxh6 8.
Bxh6 Nc6 9. c3 Ne5 10. Be2 Bg5 11. Bg7 Rg8 12. Bxe5 dxe5 13. Qxd8+ Bxd8 14. Na3
c6 15. Nc4 Bc7 16. O-O Be6 17. Rfd1 Ke7 18. a4 a5 19. Kf1 Rad8 20. Ke1 Rxd1+
21. Kxd1 f5 22. f3 Rf8 23. Nd2 Bb6 24. Ke1 h6 25. Bc4 Bc8 26. Ke2 Kf6 27. b4
axb4 28. cxb4 Rd8 29. Ra2 Bd4 30. Rc2 Bg1 31. h3 f4 32. a5 Be3 33. Nf1 Bg1 34.
Bd3 Kg5 35. Nd2 Kh4 36. Nf1 Rd6 37. b5 Bd7 38. b6 Bc8 39. Nd2 Bd4 40. Nb3 Be3
41. Nc5 Kg3 42. a6 bxa6 43. b7 Bxb7 44. Nxb7 Rd7 45. Na5 Kxg2 46. Rxc6 Rg7 47.
Bxa6 Kxh3 48. Bc8+ Kg3 49. Nc4 Bd4 50. Nd2 h5 51. Nf1+ Kg2 52. Rf6 h4 53. Be6
h3 54. Rf8 Rh7 55. Rg8 Rh6 56. Bf5 h2 57. Bxg6 Bf2 58. Nxh2 Rxh2 59. Bf5+ Bg3
60. Bg4 Kh1+ 61. Kd3 Bf2 62. Rg5 Bd4 63. Kc4 Kg1 64. Kd5 Rg2 65. Rxe5 Bxe5 66.
Kxe5 Rxg4 67. Kf5 Rg3 68. Kxf4 Kf2 69. e5 Rxf3+ 70. Ke4 Re3+ 71. Kf5 Rf3+ 72.
Ke4 Rf8 73. e6 Kg3 74. Ke5 Kg4 75. e7 Re8 76. Kf6 Ra8 1/2-1/2

[Event "34. ABC-Turnier 2014 - Gruppe B"]
[Site "Dortmund"]
[Date "2014.11.27"]
[Round "7.2"]
[White "Schlepütz, Volker"]
[Black "König, Daniela"]
[Result "1/2-1/2"]
[WhiteElo "1570"]
[BlackElo "1691"]
[PlyCount "68"]
[EventDate "2014.??.??"]

1. d4 Nf6 2. c4 d6 3. Nc3 g6 4. e4 Bg7 5. Nf3 O-O 6. Be2 c5 7. O-O cxd4 8. Nxd4
Nc6 9. Be3 Bd7 10. f3 a6 11. Qd2 Rc8 12. Nxc6 Rxc6 13. Nd5 Re8 14. Qb4 Qb8 15.
Rfd1 Nxd5 16. cxd5 Rc2 17. Qe1 Rxb2 18. Rab1 Rxa2 19. Bc4 Rb2 20. Rxb2 Bxb2 21.
Rb1 Qc7 22. Rxb2 Qxc4 23. Rxb7 Bb5 24. Qa1 Qe2 25. Qc1 f6 26. Rc7 Bd3 27. h3
Kf7 28. Rb7 Qc2 29. Qxc2 Bxc2 30. Ra7 Bd3 31. Kf2 Bb5 32. Bb6 f5 33. g3 h5 34.
h4 fxe4 1/2-1/2

[Event "34. ABC-Turnier 2014 - Gruppe B"]
[Site "Dortmund"]
[Date "2014.11.27"]
[Round "7.3"]
[White "Reschop, Romano"]
[Black "Rauschenbusch, Udo"]
[Result "1/2-1/2"]
[WhiteElo "1701"]
[BlackElo "1648"]
[PlyCount "36"]
[EventDate "2014.??.??"]

1. d4 d6 2. e4 c6 3. c4 Qc7 4. Nc3 e5 5. Nf3 Bg4 6. Be2 Nf6 7. O-O Be7 8. d5
Nbd7 9. b4 O-O 10. Be3 a5 11. dxc6 bxc6 12. a3 Rfd8 13. Qb3 h6 14. b5 Rdb8 15.
h3 Be6 16. a4 Nb6 17. Nd2 Nbd7 18. Rab1 Nb6 1/2-1/2

[Event "34. ABC-Turnier 2014 - Gruppe B"]
[Site "Dortmund"]
[Date "2014.11.27"]
[Round "7.4"]
[White "Schulz-Runge, Michael"]
[Black "Ropers, Klaus"]
[Result "1-0"]
[WhiteElo "1707"]
[BlackElo "1705"]
[PlyCount "95"]
[EventDate "2014.??.??"]

1. e4 c5 2. c3 d5 3. exd5 Qxd5 4. d4 e5 5. Nf3 Bg4 6. Qa4+ Bd7 7. Qc2 Nc6 8. c4
Nxd4 9. Nxd4 Qxd4 10. Nc3 Nf6 11. Bg5 Qg4 12. Bxf6 gxf6 13. Nd5 O-O-O 14. Bd3
Qg5 15. h4 Qh6 16. Be4 Bd6 17. Qb3 Bc6 18. Qf3 Rhe8 19. Rd1 Kb8 20. g3 Bc7 21.
O-O Re6 22. Nxc7 Kxc7 23. Rxd8 Kxd8 24. Rd1+ Kc7 25. Qd3 Qf8 26. Bxc6 Rxc6 27.
Qd7+ Kb8 28. b3 Re6 29. Rd5 b6 30. Qd8+ Qxd8 31. Rxd8+ Kc7 32. Rh8 Re7 33. Rxh7
Kd6 34. Rh6 Re6 35. Rh5 Re8 36. Kf1 Ke7 37. Ke2 Rd8 38. Rh7 a6 39. h5 b5 40.
cxb5 axb5 41. h6 c4 42. bxc4 bxc4 43. Rg7 Rh8 44. h7 f5 45. a4 e4 46. a5 Kf6
47. Rg8 Rxh7 48. a6 1-0

[Event "34. ABC-Turnier 2014 - Gruppe B"]
[Site "Dortmund"]
[Date "2014.11.27"]
[Round "7.5"]
[White "Stein, Daniel"]
[Black "Schultz, Bernfried"]
[Result "0-1"]
[WhiteElo "1639"]
[BlackElo "1800"]
[PlyCount "97"]
[EventDate "2014.??.??"]

1. d4 Nf6 2. Bg5 Ne4 3. Bf4 c5 4. f3 Qa5+ 5. c3 Nf6 6. Nd2 cxd4 7. Nb3 Qd8 8.
cxd4 e6 9. e4 Bb4+ 10. Bd2 Nc6 11. Bd3 d5 12. e5 Ne4 13. fxe4 dxe4 14. Bb5 O-O
15. Bxc6 Bxd2+ 16. Qxd2 bxc6 17. Nc5 f5 18. Ne2 Qh4+ 19. g3 Qe7 20. Nf4 a5 21.
O-O Rd8 22. Rad1 a4 23. Qb4 Bd7 24. Qc4 Re8 25. Rc1 a3 26. b3 Kh8 27. Nxd7 Qxd7
28. Rfd1 Rac8 29. Qc5 Qf7 30. Qd6 g5 {(=)} 31. Ng2 Qh5 32. Rf1 Qe2 33. Rf2 Qd3
34. Qb4 e3 35. Rf3 Qe2 36. Rxe3 Qxa2 37. Qc3 Ra8 38. Rc2 Qb1+ 39. Rc1 a2 40.
Qa1 $4 (40. Ree1 $18) 40... Qxc1+ 41. Qxc1 a1=Q 42. Qxa1 Rxa1+ 43. Kf2 Rea8 44.
Rc3 R8a6 45. Ne3 Rb1 46. Nc4 Ra2+ 47. Ke3 Rxh2 48. Nd6 Kg7 49. Rxc6 0-1

[Event "34. ABC-Turnier 2014 - Gruppe B"]
[Site "Dortmund"]
[Date "2014.12.04"]
[Round "8.1"]
[White "Rahner, Norbert"]
[Black "Schultz, Bernfried"]
[Result "1/2-1/2"]
[WhiteElo "1667"]
[BlackElo "1800"]
[PlyCount "119"]
[EventDate "2014.??.??"]

1. d4 Nf6 2. Nf3 e6 3. Bg5 Be7 4. e3 d5 5. Nbd2 Nbd7 6. c4 c6 7. Bd3 b6 8. O-O
h6 9. Bh4 Bb7 10. Bxf6 Nxf6 11. Rc1 O-O 12. Ne5 Nd7 13. Ndf3 Bd6 14. Nxd7 Qxd7
15. c5 Bc7 16. Qe2 Qe7 17. e4 bxc5 18. dxc5 a5 19. exd5 cxd5 20. c6 Bc8 21. Nd4
Bxh2+ 22. Kh1 Bc7 23. Kg1 Qh4 24. Nf3 Qf6 25. Rfe1 Re8 26. Ne5 Qe7 27. g3 Qg5
28. Kg2 Rb8 29. f4 Qe7 30. Bb1 Qb4 31. b3 f5 32. Qh5 Re7 33. Red1 Bxe5 34. fxe5
Rb5 35. Qe2 Rc5 36. Qe3 Rxc1 37. Rxc1 Rc7 38. Qc5 g5 39. Qxb4 axb4 40. Bd3 Kg7
41. a3 bxa3 42. b4 a2 43. b5 Ra7 44. Ra1 Ra3 45. Bf1 f4 46. gxf4 gxf4 47. b6
Rb3 48. b7 Bxb7 49. cxb7 Rxb7 50. Rxa2 Rb3 51. Ra6 Kf7 52. Be2 Re3 53. Bh5+ Ke7
54. Ra7+ Kd8 55. Rh7 Rxe5 56. Rxh6 Rg5+ 57. Kf2 Ke7 58. Bf3 Kd6 59. Rf6 Ke5 60.
Rf8 1/2-1/2

[Event "34. ABC-Turnier 2014 - Gruppe B"]
[Site "Dortmund"]
[Date "2014.12.04"]
[Round "8.2"]
[White "Ropers, Klaus"]
[Black "Stein, Daniel"]
[Result "0-1"]
[WhiteElo "1705"]
[BlackElo "1639"]
[PlyCount "64"]
[EventDate "2014.??.??"]

1. d4 Nf6 2. c4 e6 3. g3 Bb4+ 4. Bd2 Qe7 5. Nc3 Bxc3 6. Bxc3 Ne4 7. Bg2 Nxc3 8.
bxc3 d6 9. Nf3 O-O 10. O-O e5 11. Rb1 e4 12. Ne1 b6 13. Nc2 Bb7 14. Ne3 Re8 15.
Nd5 Qd7 16. Qc2 c6 17. Nf4 d5 18. Rfc1 Ba6 19. cxd5 cxd5 20. Bh3 Qc6 21. Rb4
Bc4 22. Rcb1 Na6 23. R4b2 Nc7 24. Ng2 Qh6 25. Bd7 Red8 26. Ba4 Ne6 27. Ne3 Ba6
28. Qd2 Rac8 29. Bb3 Ng5 30. Nxd5 Bxe2 31. Qxe2 Nf3+ 32. Kf1 Qh3# 0-1

[Event "34. ABC-Turnier 2014 - Gruppe B"]
[Site "Dortmund"]
[Date "2014.12.04"]
[Round "8.3"]
[White "Rauschenbusch, Udo"]
[Black "Schulz-Runge, Michael"]
[Result "0-1"]
[WhiteElo "1648"]
[BlackElo "1707"]
[PlyCount "64"]
[EventDate "2014.??.??"]

1. b3 d5 2. Bb2 c5 3. e3 Nc6 4. Bb5 a6 5. Bxc6+ bxc6 6. Nf3 Nf6 7. d3 Bg4 8.
Nbd2 e6 9. Qc1 Bh5 10. Ne5 Bd6 11. Ndf3 Qc7 12. c4 O-O 13. O-O Ne8 14. g4 f6
15. gxh5 fxe5 16. Ng5 Qe7 17. e4 h6 18. Nh3 Rf3 19. Kg2 Rxd3 20. f3 Qf7 21. Qe1
Qxh5 22. Rd1 Rxd1 23. Qxd1 Qg6+ 24. Kh1 dxe4 25. Rg1 Qf5 26. Rg3 Ra7 27. Bc1
Kh7 28. Kg1 Nf6 29. Ng5+ hxg5 30. fxe4 Nxe4 31. Qh5+ Kg8 32. Rf3 g6 0-1

[Event "34. ABC-Turnier 2014 - Gruppe B"]
[Site "Dortmund"]
[Date "2014.12.04"]
[Round "8.5"]
[White "Rzoczek, Christoph"]
[Black "Schlepütz, Volker"]
[Result "1-0"]
[WhiteElo "1600"]
[BlackElo "1570"]
[PlyCount "59"]
[EventDate "2014.??.??"]

1. e4 e6 2. c3 d5 3. Nf3 dxe4 4. Qa4+ Bd7 5. Qxe4 Nc6 6. d4 Nf6 7. Qc2 Be7 8.
Bg5 O-O 9. Nbd2 h6 10. Bxf6 Bxf6 11. Ne4 Re8 12. Bd3 e5 13. d5 Nb8 14. O-O-O
Be7 15. Qb3 b6 16. h4 Bd6 17. Nh2 Qxh4 18. g3 Qd8 19. g4 a5 20. Rdg1 a4 21. Qd1
Be7 22. Nf3 a3 23. b3 f6 24. g5 fxg5 25. Nxe5 Bf6 26. Ng4 Bxg4 27. Qxg4 Qd7 28.
Nxf6+ gxf6 29. Qh5 Re7 30. Qxh6 1-0

[Event "34. ABC-Turnier 2014 - Gruppe B"]
[Site "Dortmund"]
[Date "2014.12.18"]
[Round "9.1"]
[White "Schlepütz, Volker"]
[Black "Rahner, Norbert"]
[Result "1-0"]
[WhiteElo "1570"]
[BlackElo "1667"]
[PlyCount "77"]
[EventDate "2014.??.??"]

1. d4 Nf6 2. c4 d6 3. Nc3 Bf5 4. f3 h6 5. e4 Bg6 6. Bd3 Nc6 7. Be3 e6 8. a3 a5
9. Nge2 Be7 10. O-O O-O 11. Ng3 Nh5 12. Nce2 Bf6 13. Nxh5 Bxh5 14. Ng3 Bg6 15.
Bc2 e5 16. d5 Nb8 17. c5 Nd7 18. cxd6 cxd6 19. Rc1 Rc8 20. Ba4 Nc5 21. Bb5 Bg5
22. Bxg5 Qxg5 23. Re1 Qd8 24. b4 axb4 25. axb4 Na6 26. Rxc8 Qxc8 27. Qd2 Qa8
28. Ra1 Qa7+ 29. Kh1 Qb6 30. Bxa6 bxa6 31. Rc1 Rd8 32. Rc6 Qb5 33. Qc3 Qa4 34.
h4 f6 35. h5 Be8 36. Rb6 Bb5 37. Nf5 Qd1+ 38. Kh2 Bf1 39. Qc7 1-0

[Event "34. ABC-Turnier 2014 - Gruppe B"]
[Site "Dortmund"]
[Date "2014.12.18"]
[Round "9.2"]
[White "Reschop, Romano"]
[Black "Rzoczek, Christoph"]
[Result "1-0"]
[WhiteElo "1701"]
[BlackElo "1600"]
[PlyCount "128"]
[EventDate "2014.??.??"]

1. e4 d5 2. exd5 Qxd5 3. Nc3 Qd6 4. d4 Nf6 5. Bc4 c6 6. Nge2 Bf5 7. O-O e6 8.
Bf4 Qd8 9. Ng3 Bg6 10. Re1 Be7 11. Bb3 Na6 12. Be5 Nc7 13. Qf3 O-O 14. Nce4
Nxe4 15. Nxe4 Nd5 16. c3 f6 17. Bf4 Kh8 18. Nc5 Bxc5 19. dxc5 e5 20. Bg3 Qd7
21. Rad1 Qf7 22. Bxd5 cxd5 23. Qxd5 Qxd5 24. Rxd5 Be8 25. f3 Bc6 26. Rd6 Rae8
27. b4 h6 28. c4 a6 29. Kf2 Kg8 30. h3 Kf7 31. Rb1 Rd8 32. Rbd1 Ke7 33. Ke3
Rxd6 34. cxd6+ Ke6 35. c5 g5 36. Be1 h5 37. Kf2 g4 38. hxg4 hxg4 39. fxg4 Rg8
40. Kg3 f5 41. Kh2 Rxg4 42. Rd2 Re4 43. Bg3 f4 44. Bh4 Rxb4 45. d7 Bxd7 46.
Rd6+ Kf5 47. Rxd7 Rb2 48. Kg1 e4 49. Kf1 Kg4 50. Be1 Rb5 51. Rc7 Rb2 52. a4 Rb1
53. Re7 Kf5 54. Ke2 Rb2+ 55. Kf1 Rb1 56. Kf2 e3+ 57. Ke2 Kf6 58. Re4 Kf5 59.
Re7 Kg4 60. Rg7+ Kf5 61. g4+ Kf6 62. Rg8 f3+ 63. Kxf3 Rxe1 64. Re8 Kg5 {
und Schwarz ueberschritt die Zeit.} 1-0